LEADER 00890nam0-2200313---450- 001 990010054990403321 005 20160321130911.0 010 $a3-484-10585-2 035 $a001005499 035 $aFED01001005499 035 $a(Aleph)001005499FED01 035 $a001005499 100 $a20160321d1988----km-y0itay50------ba 101 0 $ager 102 $aDE 105 $a--------001yy 200 1 $aFrüneuhochdeutsches Lesebuch$fhrsg. von Oskar Reichmann und Klaus-Peter Wegera 210 $aTübingen$cNiemeyer$d1988 215 $aXVI, 240 p.$d24 cm 610 0 $aLetteratura tedesca$aSec. 14.-17.$aAntologie 676 $a830.8$v22$zita 702 1$aReichmann,$bOskar 702 1$aWegera,$bKlaus-Peter$f<1948- > 801 0$aIT$bUNINA$gRICA$2UNIMARC 901 $aBK 912 $a990010054990403321 952 $a830.8 REI 1$bBibl.6725$fFLFBC 959 $aFLFBC 997 $aUNINA LEADER 01296nam 2200421 450 001 9910151718703321 005 20201105001911.0 010 $a1-68373-021-6 010 $a1-68373-020-8 035 $a(CKB)3710000000952379 035 $a(MiAaPQ)EBC4745578 035 $a(MiAaPQ)EBC6260885 035 $a(EXLCZ)993710000000952379 100 $a20201105d2016 uy 0 101 0 $aeng 135 $aurcnu|||||||| 181 $2rdacontent 182 $2rdamedia 183 $2rdacarrier 200 10$a70 play activities for better thinking, self-regulation, learning and behavior /$fLynne Kenney ; with Rebecca Comizio 210 1$aEau Claire, Wisconsin :$cPESI Publishing & Media,$d[2016] 210 4$dİ2016 215 $a1 online resource (199 pages) $cillustrations 311 $a1-68373-019-4 320 $aIncludes bibliographical references. 606 $aPlay therapy 608 $aElectronic books. 615 0$aPlay therapy. 676 $a618.92891653 700 $aKenney$b Lynne$0985196 702 $aComizio$b Rebecca 801 0$bMiAaPQ 801 1$bMiAaPQ 801 2$bMiAaPQ 906 $aBOOK 912 $a9910151718703321 996 $a70 play activities for better thinking, self-regulation, learning and behavior$92251761 997 $aUNINA